书目信息 |
| 题名: |
我杀死了张作霖
|
|
| 作者: | 河本大作 著 ;陈鹏仁 译 | |
| 分册: | ||
| 出版信息: | 长春 吉林文史出版社 1986 |
|
| 页数: | 163页 | |
| 开本: | 19cm | |
| 丛书名: | ||
| 单 册: | ||
| 中图分类: | K264.1 | |
| 科图分类: | ||
| 主题词: | 侵华事件--日本--1928 , 皇姑屯事件--1928 | |
| 电子资源: | ||
| ISBN: | ||
| 000 | 00768nam0 2200277 45 | |
| 001 | 0186011975 | |
| 005 | 20040519082611.4 | |
| 010 | @dCNY0.95 | |
| 091 | @a11437.20 | |
| 100 | @a19930914d1986 emky0chiy0121 ea | |
| 101 | 1 | @achi@cjpn |
| 102 | @aCN@b220000 | |
| 105 | @ay z 000yd | |
| 106 | @ar | |
| 200 | 10 | @a我杀死了张作霖@Awo sha si le zhang zuo lin@f(日)河本大作著@g陈鹏仁译 |
| 210 | @a长春@c吉林文史出版社@d1986 | |
| 215 | @a163页@d19cm | |
| 600 | 0 | @a张作霖@x生平事迹 |
| 606 | @a侵华事件@y日本@z1928 | |
| 606 | @a皇姑屯事件@z1928 | |
| 690 | @aK264.1@v3 | |
| 701 | 0 | @a河本大作@Ahe ben da zuo@4著 |
| 702 | 0 | @a陈鹏仁@Achen peng ren@4译 |
| 801 | 0 | @aCN@b深圳图书馆@c20040519 |
| 801 | 2 | @aCN@bNLC@c20040519 |
| 905 | @f2@b159051-052@dK264.1@e25 | |
| 我杀死了张作霖/(日)河本大作著/陈鹏仁译.-长春:吉林文史出版社,1986 |
| 163页;19cm |
| ISBN :CNY0.95 |
| ● |
| 相关链接 |
|
|
|
|
正题名:我杀死了张作霖
索取号:K264.1/25
 
预约/预借
| 序号 | 登录号 | 条形码 | 馆藏地/架位号 | 状态 | 备注 |
| 1 | 0159051 | 000352889 | 第二借阅区/ [索取号:K264.1/25] | 在馆 | |
| 2 | 0159052 | 000352870 | 第二借阅区/ [索取号:K264.1/25] | 在馆 | |
| 3 | 0159053 | 000352898 | 第二样本阅览室/ [索取号:K264.1/25] | 在馆 |